000
00295nam a22001337a 4500
008
170418b xxu||||| |||| 00| 0 eng d
020
_a
9780073403434
041
_a
eng
080
_2
13TH
_a
573
100
_a
11
101
_a
SHM
245
_a
CONCEPTS IN BIOLOGY
_c
ENGER, E.D
942
_2
udc
_c
BK
999
_c
11012
_d
11012